| 000 | 00606nam a22001937a 4500 | ||
|---|---|---|---|
| 999 |
_c525149 _d525149 |
||
| 003 | NUST | ||
| 005 | 20190630160856.0 | ||
| 008 | 190628b ||||| |||| 00| 0 eng d | ||
| 038 | _aMr. Zahoor | ||
| 082 | _a621 | ||
| 100 |
_aSalman, Muhammad _916100 |
||
| 245 |
_aASPHALT COURSE CRACKS DETECTION IN PAVEMENT IMAGES USING FREQUENCY BASED TECHNIQUE / _cMuhammad Salman |
||
| 260 |
_aIslambad : _bCEME NUST, _c2015. |
||
| 300 |
_aill :xvii, 77 p. ; _c30cm. |
||
| 500 | _aHardcover. | ||
| 650 |
_aMechatronics Engineering -MS-Thesis. _916096 |
||
| 700 |
_aDr. Khurram Kamal. _916102 |
||
| 942 |
_2ddc _cTHE |
||